000 00226nam a2200097Ia 4500
001 881748
005 20250826182646.0
008 250824s9999 xx 000 0 und d
245 0 _aARAF
_cCANDAN ÖZER
260 _bPANAMA YAYINLARI
999 _c881748
_d881748